LIBRARY & INFORMATION CENTRE, KCAET, TAVANUR

ONLINE PUBLIC ACCESS CATALOGUE (OPAC)

Life and adventures of Nicholas Nickleby / (Record no. 6908)

MARC details
000 -LEADER
fixed length control field 00458cam a2200181ua 4500
041 ## - LANGUAGE CODE
Language code of text/sound track or separate title eng
082 ## - DEWEY DECIMAL CLASSIFICATION NUMBER
Classification number 823.308
Item number DIC/LI
100 ## - MAIN ENTRY--AUTHOR NAME
Personal name Dickens, Charles.
245 ## - TITLE STATEMENT
Title Life and adventures of Nicholas Nickleby /
250 ## - EDITION STATEMENT
Edition statement 1 /
260 ## - PUBLICATION, DISTRIBUTION, ETC. (IMPRINT)
Place of publication London :
Name of publisher McMillon & Co Ltd ,
Year of publication 1962.
300 ## - PHYSICAL DESCRIPTION
Number of Pages 786 ; .
942 ## - ADDED ENTRY ELEMENTS (KOHA)
Koha item type Books
Holdings
Withdrawn status Lost status Damaged status Home library Current library Date acquired Full call number Accession Number Koha item type Public note
Withdrawn     KAUAET KAUAET 07/04/2012 823.308 8543 Books  
Withdrawn     KAUAET Sanskrit University 07/04/2012 823.308 8542 Books Transferred to Sanskrit University
Withdrawn     KAUAET Sanskrit University 07/04/2012 823.308 4192 Books  
free website counter